Statistics for Borussia Dortmund Scorers in 2010s Champions League

Click here to take the quiz!

General Stats

  • This quiz has been taken 32 times
  • The average score is 20 of 32

Answer Stats

Player Nation Gls % Correct
Robert LewandowskiPoland17
100%
Pierre-Emerick AubameyangGabon15
100%
Shinji KagawaJapan4
96%
Marco ReusGermany17
96%
SokratisGreece3
92%
Henrikh MkhitaryanArmenia2
88%
Mario GötzeGermany3
88%
Christian PulisicUSA2
88%
Raphaël GuerreiroPortugal6
88%
Mats HummelsGermany2
81%
Nuri ŞahinTurkey1
81%
Axel WitselBelgium1
77%
İlkay GündoğanGermany1
77%
Jakub BłaszczykowskiPoland3
73%
Jadon SanchoEngland1
73%
Ciro ImmobileItaly4
69%
Marcel SchmelzerGermany1
69%
Ousmane DembéléFrance2
65%
Paco AlcácerSpain1
58%
Kevin GroßkreutzGermany2
58%
Marc BartraSpain1
54%
Andriy YarmolenkoUkraine1
50%
Jacob Bruun LarsenDenmark1
42%
Ivan PerišićCroatia1
42%
Felipe SantanaBrazil2
42%
Adrián RamosColombia4
38%
Sebastian KehlGermany1
35%
Julian WeiglGermany1
31%
André SchürrleGermany1
27%
Gonzalo CastroGermany1
23%
Julian SchieberGermany1
19%
Felix PasslackGermany1
15%

Score Distribution

Percentile by Number Answered

Percent of People with Each Score

Your Score History

You have not taken this quiz